| 000 | 01608nam a22002537a 4500 | ||
|---|---|---|---|
| 999 |
_c22107 _d22107 |
||
| 003 | AR-CdUCM | ||
| 008 | 190425b ||||| |||| 00| 0 spa d | ||
| 040 |
_aMUNICIPALIDAD PROVINCIAL DEL CUSCO _cBIBLIOTECA MUNICIPAL DEL CUSCO |
||
| 082 | _aSieteculebras/N°14/2000 | ||
| 245 |
_aSiete culebras : _bRevista de cultura andina / _cMario Guevara Paredes, Director |
||
| 260 |
_aCusco : _bSieteculebras, _c2000. |
||
| 300 |
_a46 páginas. : _bilustraciones ; _c30 cm. |
||
| 440 |
_aRevista Siete Culebras. _nabril, mayo 2000, N°14 _947455 |
||
| 505 | _aContenido: Mitos andinos y experiencias estética. Helena Usandizaga. -- Poesía. Jorge Campero. -- Huya Mesenonga 1830. Luis Miguel Glave. -- Poesía. Rosina Valcárcel. -- La poesía del valle Caviedes, síntesis del estilo barroco. Clary Loisel. -- Poesía. Pablo Guevara. -- Fidel Castro y el nombre del país de los Dominicos. Juan Daniel Balcácer. -- Música popular en la narrativa postmoderna venezolana. Carlos Baptista. -- El brichero un personaje de la narrativa andina. Ana Bertha Vizcarra. -- La presencia del mundo andino en la obra y el pensamiento martianos. María Regla Villa. -- El debate entre andinos y criollos en la narrativa peruana. Luis Nieto Degregori. -- Cuentos breves. Mario Guevara Paredes. ... | ||
| 650 |
_aLiteratura cusqueña _947453 |
||
| 650 |
_aNarradores cusqueños _931142 |
||
| 650 |
_aLiteratos cusqueños _944145 |
||
| 650 |
_aPoesía _947456 |
||
| 700 |
_aGuevara Paredes, Mario _96574 |
||
| 700 |
_aVizcarra, Ana Bertha _947457 |
||
| 700 |
_aNieto Degregori, Luis _96534 |
||
| 942 |
_2ddc _cPP |
||
| 945 | _arac | ||